01073 2200421 4500001002100000005001500021035002000036245007800056100001500134250000600149300003500155700001300190260003700203082001100240084001700251020002200268650002100290990001700311990001700328990001700345990001700362990001700379990001700396990001700413990001700430990001700447990001700464990001700481990001700498990001700515990001700532990001700549990001700566990001700583990001700600990001700617990001700634INLIS00000000000003120180726094228 a0010-07180000311 aGemar Membaca dan Menulis Huruf Hijaiyyah /cLan Kusrin; Editor, Sudiyono0 aLan Kusrin a- aiv, 84 hlm. :bilus. ;c25 cm.0 aSudiyono aSurabaya :bBintang Books,c2009 a492.75 a492.75 LAN g a978-979-9133-95-3 aTata Bahasa Arab a00125/P/2018 a00126/P/2018 a00127/P/2018 a00128/P/2018 a00125/P/2018 a00126/P/2018 a00127/P/2018 a00128/P/2018 a00126/P/2018 a00125/P/2018 a00127/P/2018 a00128/P/2018 a00127/P/2018 a00125/P/2018 a00126/P/2018 a00128/P/2018 a00128/P/2018 a00125/P/2018 a00126/P/2018 a00127/P/2018